Capitais mais próximos de Nicósia - Statistics

Estatísticas Gerais
  • Esse quiz foi jogado 34 vezes
  • A pontuação média é 17 de 20
Estatísticas das Respostas
km capital % Correto
530 Ancara
93%
914 Atenas
93%
1201 Bucareste
93%
605 Cairo
93%
417 Jerusalém
93%
1533 Belgrado
89%
326 Damasco
89%
430 Amã
86%
244 Beirute
86%
1205 Sofia
86%
1366 Tirana
86%
1033 Bagdá
82%
1562 Baku
82%
1127 Erevan
82%
1370 Chișinău
79%
1283 Escópia
79%
1462 Podgorica
79%
1343 Pristina
71%
1235 Tbilisi
71%
1518 Kuweit
61%
Nenhum quiz correspondente encontrado
Distribuição das Pontuações
Porcentagem de Pessoas com Cada Pontuação
Percentil de Números Respondidos
Sua Pontuação Histórica
Você não jogou esse quiz